| 000 | 00396 a2200145 4500 | ||
|---|---|---|---|
| 020 | _a969350945 | ||
| 040 | _aDLC | ||
| 082 | _a891.4391 | ||
| 100 | _aGhalib, Mirza Asdullah Khan. | ||
| 245 |
_aDeewan e Ghalib _cMirza Asdullah Khan Ghalib |
||
| 260 |
_a Lahore: _bSang-e-meel Publications, _c 2001. |
||
| 300 |
_a 159 p. ; _c22 cm. |
||
| 650 | _a.Urdu Adab--ShairI | ||
| 942 |
_cBK _k891.4391 GHA _2ddc |
||
| 999 |
_c5231 _d5231 |
||